MDQL
is popping MORE tags! Check the
thread
!
Quizzes
Events
Quiz Creation
Community
Videos
Private Events
Remove Ads
Sign In
Join for FREE
Feedback
Dark Mode
Quiz Categories
Sports
Geography
Music
Movies
Television
Just For Fun
Miscellaneous
History
Literature
Language
Science
Gaming
Entertainment
Religion
Holiday
For Kids
Quiz Lab
Recent
Popular Today
Quiz Kudos Today
Editor Picks
Curator Picks
Quizzes by...
Day
Popularity
Type
Ratings
Length
Year
Community
Subscriptions
Recent Discussions
Orange Saloon
Badges
Playlists
Quests
Create
Leaderboards
Showdown
Live 5
Trivia Bingo
Activity
Puzzle Library
Sporcle Events
Private Events
Virtual Trivia
Globe League
Become a Host
Pub Owners
SporcleCon
Opinionation
Our Games
Videos
Blog
Mobile Apps
Partnerships
Remove Ads and Go Orange
Feedback
History
US Presidents
World Leaders
Politics
Nation
Discovery
War
Decade
Year
Century
Biography
Art
History
US Presidents
World Leaders
Politics
Nation
Discovery
War
Decade
Year
Century
Biography
Art
Random Quiz
Search Sporcle
×
Quiz Lab
Quiz Lab
History
Celebrity
Type in answers that appear in a list
Type in answers that appear in a list
Classic
Best Score? Go Orange.
Celebrity Murders Stats
Can you name the Celebrity Murders?
By
ninni21
10m
38 Questions
1,413 Plays
1,413 Plays
1,413 Plays
Comments
Comments
Give Quiz Kudos
Give Quiz Kudos
-
- Ratings
hide this ad
Replay
Link that replays current quiz
Next Quiz
Link to next quiz in quiz playlist
You Got
0%
They Got
Avg Score
33%
Avg Friend Score
Upgrade to see
Score Distribution
Jump to the score distribution portion of the page
Score
0/38
Timer
10:00
0
Plays Today
% Correct
John F. Kennedy
88.6%
Robert Kennedy
78.8%
John Lennon
77.1%
Abraham Lincoln
77.1%
Julius Caesar
74.5%
Martin Luther King Jr.
72.6%
William McKinley
54.4%
Sharon Tate
48.5%
James Garfield
47.9%
Malcolm X
46.6%
Tupac Shakur
45.6%
Lee Harvey Oswald
43.2%
Notorious B.I.G.
40.9%
Gianni Versace
39.5%
Mahatma Gandhi
39.4%
Franz Ferdinand
38.2%
Marvin Gaye
29.9%
Grigori Rasputin
28.1%
Benazir Bhutto
24.7%
% Correct
Selena
24.3%
Phil Hartman
23.6%
Anwar El Sadat
19.8%
Steve McNair
19.4%
Jesse James
18.8%
Yitzhak Rabin
17.7%
Sean Taylor
15.9%
Sam Cooke
15.5%
Dominique Dunne
12%
Leon Trotski
11.1%
Dimebag Darrell
11%
Jill Dando
10.8%
Darrent Williams
10.7%
Jam-Master-Jay
9.5%
Spencer Perceval
9.4%
Dorothy Stratten
8%
Andres Escobar
7.9%
Haing S. Ngor
6.5%
Vernon Forrest
5.6%
Quiz Playlist
Details
Report
Send in Message
Add To Playlist
Classic:
Type in answers that appear in a list
Last Updated: Feb 16, 2017
Quiz Scoreboard
CHALLENGE
Sign Up to Join the Scoreboard
Show All
Scores
Hide
Comments
May contain spoilers
Recently Published
Holiday 10x10 Sorting Gallery
by lukepisani3
Holiday
15m
Two Season TV Shows II
by 123Four
Television
10m
Image Sorting: Flags VI
by Barbecue
Geography
2m
More to Explore
Quiz From the Vault
Featured Blog Post
14 Easter Pick-up Lines to Find Eggs With
hide this ad
You Might Also Like...
Tags
Celebrity Quiz
Murder
Today's Top Quizzes in History
Browse History
hide this ad
Today's Top Quizzes in Celebrity
Browse Celebrity
Top Contributed Quizzes in History
1
I Am Born On March 29th
2
Order Up: 1000 Years of World Events I
3
US National Parks Named After People
4
Popular People in 1991
5
Popular People in 1951
6
Popular People in 1941
7
Popular People in 1981
8
Popular People in 1986
9
Popular People in 1976
10
Popular People in 1921
Explore More
Trending Topics
Kpop
Anime
Crossword
Harry Potter
Disney
NBA
Marvel
NFL
Pokémon
The Office
Song
Soccer
Puzzle
WWE
Country
hide this ad
More By:
ninni21
Quiz
Plays
Rating
Category
Featured
Created
US Regional Lingo
45,684
3.71
Language
Nov 27, 2009
Popular Hot Dog Condiments
2,183
2.30
Just For Fun
Dec 8, 2009
Major Axis and Allies Powers
1,600
2.82
History
Nov 21, 2009
Celebrity Murders
1,413
3.33
History
Dec 2, 2009
Newest Countries
758
4.35
Geography
Nov 21, 2009
Go to Creator's Profile
Score Distribution
Quiz Creator Spotlight
ninni21
Follow
Send a Message
Quizzes Created
-
Created Quiz Play Count
-
More By This Creator
Popular Quizzes Today
1
Find the US States - No Outlines Minefield
2
Colored Red Africa Blitz
3
Find the 'City' Movie
4
The Countries of the World
5
5x2 Blitz: Bands
6
Find the Countries of Europe - No Outlines Minefield
7
Find the US States
8
US States
More History Quizzes
Presidents Minefield Blitz
Published
Trending Quizzes
Colored Red Europe Blitz I
Colored Red Africa Blitz II
Colored Red Europe Blitz II
Even More Two Season TV Shows
Colored Red Africa Blitz III
Recently Updated
Quick Pick: 20 Twenties
pecheneg
March Madness Men's Triple Doubles
pecheneg
How Do You Spell That?
pecheneg
Godzilla Movies
pecheneg
Grab Bag: 4-10 Letters
pecheneg
2024 March Madness Bracket
pecheneg
Famous TV Couples
Peacemaker
Champions League XIs: Real Madrid
pecheneg
Largest US Cities 1790-2010
pecheneg
Rides in Walt Disney World
pecheneg
Trending Topics
Crossword
Harry Potter
Anime
NBA
Kpop
Disney
Marvel
Puzzle
The Office
NFL
Country
Soccer
Pokémon
WWE
Song
Your Account Isn't Verified!
In order to create a playlist on Sporcle, you need to verify the email address you used during registration. Go to your
Sporcle Settings
to finish the process.
Report this User
Report this user for behavior that violates our
Community Guidelines
.
Details:
Send Report
Go to the Sporcle.com Mobile Site →
Comments